Journal of Neuro-Oncology (Запис № 455669)
[ простий вигляд ]
| 000 -LEADER | |
|---|---|
| fixed length control field | 02131nas a22003135i 4500 |
| 001 - CONTROL NUMBER | |
| control field | 1573-7373 |
| 003 - CONTROL NUMBER IDENTIFIER | |
| control field | DE-He213 |
| 005 - DATE AND TIME OF LATEST TRANSACTION | |
| control field | 20200203193220.0 |
| 007 - PHYSICAL DESCRIPTION FIXED FIELD--GENERAL INFORMATION | |
| fixed length control field | cr nn 008mamaa |
| 008 - FIXED-LENGTH DATA ELEMENTS--GENERAL INFORMATION | |
| fixed length control field | 150723s||||||||xxuuu poo|||||| b|EN |d |
| 022 ## - INTERNATIONAL STANDARD SERIAL NUMBER | |
| International Standard Serial Number | 1573-7373 |
| 024 7# - OTHER STANDARD IDENTIFIER | |
| Standard number or code | 10.1007/11060.1573-7373 |
| Source of number or code | doi |
| 210 10 - ABBREVIATED TITLE | |
| Abbreviated title | J Neurooncol |
| 245 10 - TITLE STATEMENT | |
| Title | Journal of Neuro-Oncology |
| Medium | [electronic resource] / |
| Statement of responsibility, etc | edited by Jason P. Sheehan. |
| 264 #1 - | |
| -- | New York : |
| -- | Springer US : |
| -- | Imprint: Springer. |
| 300 ## - PHYSICAL DESCRIPTION | |
| Other physical details | online resource. |
| 520 ## - SUMMARY, ETC. | |
| Summary, etc | The Journal of Neuro-Oncology is a multi-disciplinary journal encompassing basic, applied, and clinical investigations in all research areas as they relate to cancer and the central nervous system. It provides a single forum for communication among neurologists, neurosurgeons, radiotherapists, medical oncologists, neuropathologists, neurodiagnosticians, and laboratory-based oncologists conducting relevant research. The Journal of Neuro-Oncology does not seek to isolate the field, but rather to focus the efforts of many disciplines in one publication through a format which pulls together these diverse interests. More than any other field of oncology, cancer of the central nervous system requires multi-disciplinary approaches. To alleviate having to scan dozens of journals of cell biology, pathology, laboratory and clinical endeavours, JNO is a periodical in which current, high-quality, relevant research in all aspects of neuro-oncology may be found. |
| 650 #0 - SUBJECT ADDED ENTRY--TOPICAL TERM | |
| Topical term or geographic name as entry element | Oncology. |
| 650 #0 - SUBJECT ADDED ENTRY--TOPICAL TERM | |
| Topical term or geographic name as entry element | Neurology. |
| 650 14 - SUBJECT ADDED ENTRY--TOPICAL TERM | |
| Topical term or geographic name as entry element | Oncology. |
| -- | http://scigraph.springernature.com/things/product-market-codes/H33160 |
| 650 24 - SUBJECT ADDED ENTRY--TOPICAL TERM | |
| Topical term or geographic name as entry element | Neurology. |
| -- | http://scigraph.springernature.com/things/product-market-codes/H36001 |
| 700 1# - ADDED ENTRY--PERSONAL NAME | |
| Personal name | Sheehan, Jason P. |
| Relator term | editor. |
| Relator code | edt |
| -- | http://id.loc.gov/vocabulary/relators/edt |
| 710 2# - ADDED ENTRY--CORPORATE NAME | |
| Corporate name or jurisdiction name as entry element | SpringerLink (Online service) |
| 776 08 - ADDITIONAL PHYSICAL FORM ENTRY | |
| Display text | Printed version: |
| International Standard Serial Number | 0167-594X |
| 856 40 - ELECTRONIC LOCATION AND ACCESS | |
| Uniform Resource Identifier | <a href="https://doi.org/10.1007/11060.1573-7373">https://doi.org/10.1007/11060.1573-7373</a> |
| Public note | Hybrid |
| 942 ## - ADDED ENTRY ELEMENTS (KOHA) | |
| Koha item type | ЕЖурнал |
Немає доступних примірників.